Bilecik Bilecik Bilecik Bilecik Bilecik

Taşınır mal yönetmeliği: orjinal metin, madde açıklamaları, tebliğler-genelgeler, uygulamala örnekleri, ilgili yönetmelikler, sıkça sorulan sorular/ (Record no. 11366)

MARC details
000 -BAŞLIK
Sabit Uzunluktaki Kontrol Alanı 01152nam a22003017a 4500
001 - KONTROL NUMARASI
Control Dosyası 0011397
003 - KONTROL NUMARASI KİMLİĞİ
Kontrol Alanı KOHA_MİRAKIL
005 - EN SON İŞLEM TARİHİ ve ZAMANI
Kontrol Alanı 20260207001815.0
007 - FİZİKSEL TANIM SABİT ALAN - GENEL BİLGİ
Sabit uzunluklu kontrol alanı ta
008 - SABİT UZUNLUKTAKİ VERİ ÖGELERİ - GENEL BİLGİ
Sabit Alan 091120b2007 tu |||gr||||#||||0|tur |
020 ## - ISBN - ULUSLARARASI STANDART KİTAP NUMARASI
Isbn 9789944591133
Kullanılabilirlik koşulları 16,25
040 ## - KATALOGLAMA KAYNAĞI
Özgün Kataloglama Kurumu TR-BiSEU
Kataloglama Dili tur
Çeviri Kurumu TR-BiSEU
Açıklama Kuralları rda
041 0# - DİL KODU
Metin ya da ses kaydının dil kodu tur
044 ## - YAYINLAYAN/ÜRETEN KURULUŞUN ÜLKE KODU
ISO country code tu
050 ## - SINIFLAMA ve YER NUMARASI
Sınıflama Numarası KKX683
Yer Numarası .Y52 2007
100 1# - KİŞİ ADI
Yazar Adı (Kişi adı) Yılmazer, Ramazan.
245 1# - ESER ADI BİLDİRİMİ
Başlık Taşınır mal yönetmeliği: orjinal metin, madde açıklamaları, tebliğler-genelgeler, uygulamala örnekleri, ilgili yönetmelikler, sıkça sorulan sorular/
Sorumluluk Bildirimi Ramazan Yılmazer ; Ramazan Yılmazer.
264 #1 - ÜRERİM, YAYIN, DAĞITIM ve TELİF BİLDİRİMİ
Yayın yeri Ankara :
Yayınlayan Muhasebat Kontrolörleri Derneği
Yayın tarihi 2007
300 ## - FİZİKSEL TANIMLAMA
Sayfa, Cilt vb. xiv, 617 sayfa
336 ## - İÇERİK TÜRÜ
Content type term metin
Content type code txt
Source rdacontent
337 ## - MEDYA TÜRÜ
Media type term aracısız
Media type code n
Source rdamedia
338 ## - TAŞIYICI TÜRÜ
Carrier type term cilt
Carrier type code nc
Source rdacarrier
500 ## - GENEL NOT
Genel Not 5018 sayılı Kamu Mali Yönetimi ve Kontrol Kanunu Kapsamındaki Kamu İdareleri için Hazırlanmış.
650 #0 - KONU BAŞLIĞI EK GİRİŞ - KONU TERİMİ
Konusal terim veya coğrafi ad Muhasebe--Hukuk ve mevzuat--Türkiye.
9 (RLIN) 23542
650 #0 - KONU BAŞLIĞI EK GİRİŞ - KONU TERİMİ
Konusal terim veya coğrafi ad Acoounting--Law and legislation--Turkey.
9 (RLIN) 27762
650 #0 - KONU BAŞLIĞI EK GİRİŞ - KONU TERİMİ
Konusal terim veya coğrafi ad Taşınır Mal Yönetmeliği.
9 (RLIN) 27763
942 ## - EK GİRİŞ ÖGELERİ (KOHA)
Source of classification or shelving scheme Library of Congress Classification
Koha item type Book
Holdings
Materyal Türü Kalıcı Konum Mevcut Konum Raf Yeri Sınıflandırma Kaynağı Edinim Bilgisi Ana Konular Alt Konular Yer Numarası Demirbaş Numarası Fatura Tarihi Maliyet, Alış Fiyatı Maliyet, Yenileme Fiyatı Geri Çekilme Durumu Kayıp Durumu Hasarlı Durumu Kredi için değil Kayıt Tarih Toplam Ödünçverme Son Görülme Tarihi Son Kontrol Tarihi
Book Prof. Dr. Azmi Özcan Kütüphanesi Prof. Dr. Azmi Özcan Kütüphanesi Uluğbey Salonu Library of Congress Classification Satın HUKUK Türkiye Hukuku KKX683 .Y52 2007 0011397 20/11/2009 17.50 17.50         20/11/2009 1 05/12/2024 05/12/2024